ОРГАНИЗАЦИЯ массовой профессиональной и экономической учебы на предприятиях и в организациях лесной промышленности... ... в 1989/90 учеб. году (Запись № 6611857)

Подробности
000 -МАРКЕР
контрольное поле 02002nam2a22002411 4500
001 - ИДЕНТИФИКАТОР ЗАПИСИ
контрольное поле rc\378215
005 - ИДЕНТИФИКАТОР ВЕРСИИ
контрольное поле 20250621064900.0
035 ## - ДРУГИЕ СИСТЕМНЫЕ НОМЕРА
Идентификатор записи (NLR Aleph) 005635337
100 ## - ДАННЫЕ ОБЩЕЙ ОБРАБОТКИ
Данные общей обработки 20030307d1989 |||y0rusy50 ca
101 0# - ЯЗЫК РЕСУРСА
Язык текста, звукозаписи и т.д. русский
102 ## - СТРАНА ПУБЛИКАЦИИ ИЛИ ПРОИЗВОДСТВА
Страна публикации Российская Федерация
105 ## - ПОЛЕ КОДИРОВАННЫХ ДАННЫХ: ТЕКСТОВЫЕ МАТЕРИАЛЫ, МОНОГРАФИЧЕСКИЕ
Кодированные данные о монографическом текстовом документе y |||||||||
200 0# - ЗАГЛАВИЕ И СВЕДЕНИЯ ОБ ОТВЕТСТВЕННОСТИ
Основное заглавие ... в 1989/90 учеб. году
210 ## - ПУБЛИКАЦИЯ, РАСПРОСТРАНЕНИЕ И ДР.
Дата издания, распространения и т.д. 1989
Место издания, распространения и т.д. Б. м.
215 ## - ФИЗИЧЕСКАЯ ХАРАКТЕРИСТИКА
Специфическое обозначение материала и объем 27 с.
320 ## - ПРИМЕЧАНИЯ О НАЛИЧИИ В ДОКУМЕНТЕ БИБЛИОГРАФИИ / УКАЗАТЕЛЯ
Текст примечания Библиогр.: с. 24-26
461 #0 - УРОВЕНЬ НАБОРА
Встроенное поле 001rc\378214
-- 2001#$aОРГАНИЗАЦИЯ массовой профессиональной и экономической учебы на предприятиях и в организациях лесной промышленности...$eМетод. рекомендации$fМ-во лесн. пром-сти СССР. Совет по проф. и экон. образованию трудящихся. Гл. упр. кадров и социал. развития, Всесоюз. ин-т повышения квалификации руководящих работников и специалистов лесн. пром-сти$g[Под руководством доц. Гилева Н.К.]$v... в 1989/90 учеб. году
Системный номер (АБИС) связанной записи 6611850
Место публикации М.
Дата публикации 1989
Первые сведения об ответственности М-во лесн. пром-сти СССР. Совет по проф. и экон. образованию трудящихся. Гл. упр. кадров и социал. развития, Всесоюз. ин-т повышения квалификации руководящих работников и специалистов лесн. пром-сти
Имя издателя, распространителя и т.д. ВИПКлеспром
Сведения, относящиеся к заглавию Метод. рекомендации
Заглавие ОРГАНИЗАЦИЯ массовой профессиональной и экономической учебы на предприятиях и в организациях лесной промышленности...
Номер тома ... в 1989/90 учеб. году
801 #0 - ИСТОЧНИК ЗАПИСИ
Страна Российская Федерация
Организация NLR
Правила каталогизации psbo
801 #1 - ИСТОЧНИК ЗАПИСИ
Страна Российская Федерация
Организация ELAR
Источник данных rusmarc
852 ## - МЕСТОНАХОЖДЕНИЕ И ШИФР ХРАНЕНИЯ
Идентификатор организации NLR
Шифр хранения (Call Number) 89-4/19477
942 ## - ДОПОЛНИТЕЛЬНЫЕ ЭЛЕМЕНТЫ ЗАПИСИ (АБИС)
Тип экземпляра АБИС Книга
980 ## - КОЛЛЕКЦИЯ
Название коллекции Национальная библиография
Экземпляры
Тип экземпляра Дата поступления Библиотека постоянного хранения Библиотека текущего хранения Место хранения Шифр хранения Штрих-код Статус экземпляра
Книга 26.10.2013 РНБ (Московский) РНБ (Московский) Русский книжный фонд: издания с 1957 года 89-4/19477 5635337-10